[Event "BCF-chT4S 2324 (4NCL)"]
[Site "England"]
[Date "2024.02.11"]
[Round "6.81"]
[White "Gregory, Keith D"]
[Black "Cont, Arya"]
[Result "1/2-1/2"]
[WhiteElo "2009"]
[BlackElo "2050"]
[PlyCount "58"]
[EventDate "2024.02.11"]
[EventType "team-swiss"]
[EventRounds "11"]
[EventCountry "ENG"]
[SourceTitle "EXT 2025"]
[Source "ChessBase"]
[SourceDate "2024.10.14"]
[SourceVersion "1"]
[SourceVersionDate "2024.10.14"]
[SourceQuality "1"]
[WhiteTeam "Wessex II"]
[BlackTeam "Oxford III"]
[WhiteTeamCountry "ENG"]
[BlackTeamCountry "ENG"]

1. Nf3 Nf6 2. c4 g6 3. g3 Bg7 4. Bg2 0-0 5. 0-0 d6 6. Nc3 Nbd7 7. d3 e5 8. Rb1 h6 9. Ne1 Nh5 10. b4 f5 11. Bd2 Ndf6 12. a4 g5 13. b5 f4 14. Nc2 g4 15. Nb4 Nh7 16. Ne4 Ng5 17. Nxg5 hxg5 18. a5 Qf6 19. Be4 Qh6 20. Be1 Nf6 21. Bg2 f3 22. exf3 gxf3 23. Bxf3 Bh3 24. Bd2 Bxf1 25. Qxf1 Rab8 26. Qg2 c6 27. h4 Nh7 28. bxc6 bxc6 29. Bxc6 Qf6 1/2-1/2

[Event "Daventry 4NCL Easter op-A 2nd"]
[Site "Daventry"]
[Date "2022.04.18"]
[Round "7"]
[White "Gregory, Keith D"]
[Black "Sandhu, Manvith"]
[Result "1/2-1/2"]
[WhiteElo "1955"]
[BlackElo "1771"]
[PlyCount "25"]
[EventDate "2022.04.15"]
[EventType "swiss"]
[EventRounds "7"]
[EventCountry "ENG"]
[SourceTitle "CBM 207 Extra"]
[Source "ChessBase"]
[SourceDate "2022.05.31"]
[SourceVersion "1"]
[SourceVersionDate "2022.05.31"]
[SourceQuality "1"]

1. Nf3 d5 2. g3 Nf6 3. Bg2 c6 4. 0-0 Bf5 5. b3 e6 6. Bb2 Be7 7. d3 0-0 8. c4 Nbd7 9. Nbd2 Rc8 10. Qc2 Qc7 11. Rac1 Bg6 12. Qb1 Qb8 13. Qa1 1/2-1/2

[Event "Daventry 4NCL Easter op-A 2nd"]
[Site "Daventry"]
[Date "2022.04.17"]
[Round "4"]
[White "Gregory, Keith D"]
[Black "Shenbagakumar, Gautham"]
[Result "1-0"]
[WhiteElo "1955"]
[BlackElo "1678"]
[PlyCount "121"]
[EventDate "2022.04.15"]
[EventType "swiss"]
[EventRounds "7"]
[EventCountry "ENG"]
[SourceTitle "CBM 207 Extra"]
[Source "ChessBase"]
[SourceDate "2022.05.31"]
[SourceVersion "1"]
[SourceVersionDate "2022.05.31"]
[SourceQuality "1"]

1. Nf3 d5 2. g3 Nf6 3. Bg2 e6 4. 0-0 Be7 5. d4 0-0 6. c4 b6 7. Nc3 Bb7 8. Ne5 c5 9. dxc5 bxc5 10. Qb3 Qb6 11. Rd1 Rd8 12. Bg5 h6 13. Bxf6 Bxf6 14. Nd3 Bc6 15. cxd5 Qxb3 16. axb3 exd5 17. Nxc5 d4 18. N3e4 Be7 19. Nd3 f5 20. Nd2 Bxg2 21. Kxg2 Nc6 22. Rdc1 Nb4 23. Rc7 Bd6 24. Rcxa7 Rab8 25. Rc1 Re8 26. Nf3 Rxe2 27. Nxb4 Rxb4 28. Rd7 Be5 29. Rc8+ Kh7 30. Re8 Rxb3 31. Rxe5 Rexb2 32. Rxf5 d3 33. Rfd5 Ra3 34. Rxd3 Raa2 35. Rd2 Rxd2 36. Rxd2 Rxd2 37. Nxd2 g6 38. f4 h5 39. h4 Kg7 40. Kf3 Kf6 41. Ke4 Ke6 42. Nf3 Kf6 43. Nd4 Kf7 44. Ke5 Kg7 45. Ke6 Kh7 46. Kf7 Kh6 47. Nf3 Kh7 48. Ne5 Kh6 49. Nxg6 Kh7 50. Kf6 Kh6 51. Ne5 Kh7 52. Kg5 Kg7 53. f5 Kg8 54. f6 Kf8 55. Kxh5 Kg8 56. Kg6 Kf8 57. h5 Kg8 58. Nd7 Kh8 59. g4 Kg8 60. f7+ Kh8 61. f8Q# 1-0

[Event "Basingstoke 4NCL Spring Bank op-B 1st"]
[Site "Basingstoke"]
[Date "2018.05.27"]
[Round "5"]
[White "Gregory, Keith D"]
[Black "Aubury, Benjamin"]
[Result "1-0"]
[WhiteElo "1975"]
[BlackElo "1516"]
[PlyCount "145"]
[EventDate "2018.05.25"]
[EventType "swiss"]
[EventRounds "7"]
[EventCountry "ENG"]
[SourceTitle "CBM 184 Extra"]
[Source "ChessBase"]
[SourceDate "2018.06.28"]
[SourceVersion "1"]
[SourceVersionDate "2018.06.28"]
[SourceQuality "1"]

1. Nf3 Nf6 2. c4 g6 3. Nc3 Bg7 4. g3 0-0 5. Bg2 d6 6. 0-0 Nc6 7. Rb1 e5 8. d3 Bg4 9. b4 Qc8 10. Re1 Bh3 11. Bh1 Nh5 12. Nd5 Re8 13. Ng5 Bd7 14. a4 h6 15. Ne4 f5 16. Nec3 Nd4 17. b5 f4 18. a5 fxg3 19. hxg3 Bh3 20. Ne4 b6 21. Kh2 Kh7 22. Nxc7 Qxc7 23. Kxh3 Rf8 24. Kg2 bxa5 25. Kg1 Qf7 26. e3 Ne6 27. Qe2 Rad8 28. Ba3 Qc7 29. Bg2 Nf6 30. Nc3 Rfe8 31. Rec1 Nc5 32. Qc2 h5 33. Bxc5 dxc5 34. Ne4 Nxe4 35. Bxe4 Qb6 36. Kg2 Rd6 37. Rh1 Kg8 38. Ra1 a6 39. Rhb1 Qc7 40. Qa4 Rb8 41. Qxa5 Qxa5 42. Rxa5 Rdb6 43. bxa6 Rxb1 44. a7 Rc8 45. Bxg6 Rb7 46. a8Q Rxa8 47. Rxa8+ Bf8 48. Re8 Re7 49. Rxe7 Bxe7 50. Bxh5 Kg7 51. Kf3 Kf6 52. Ke4 Bd6 53. Bg4 Be7 54. Bc8 Bd6 55. Kd5 Ke7 56. Bh3 Bb8 57. Bf5 Kf6 58. g4 Ba7 59. Bc8 Bb6 60. Bd7 Ba5 61. Kxc5 Be1 62. Kd5 Bxf2 63. d4 Ke7 64. Bf5 Bxe3 65. Kxe5 Kd8 66. Ke4 Bg1 67. Kd5 Bh2 68. g5 Ke7 69. Kc6 Bf4 70. g6 Kf6 71. Bb1 Bh6 72. Kd7 Bg7 73. c5 1-0

[Event "Basingstoke 4NCL Spring Bank op-B 1st"]
[Site "Basingstoke"]
[Date "2018.05.26"]
[Round "3"]
[White "Gregory, Keith D"]
[Black "McDonnell, James J"]
[Result "1/2-1/2"]
[WhiteElo "1975"]
[BlackElo "1833"]
[PlyCount "53"]
[EventDate "2018.05.25"]
[EventType "swiss"]
[EventRounds "7"]
[EventCountry "ENG"]
[SourceTitle "CBM 184 Extra"]
[Source "ChessBase"]
[SourceDate "2018.06.28"]
[SourceVersion "1"]
[SourceVersionDate "2018.06.28"]
[SourceQuality "1"]

1. Nf3 c5 2. g3 Nc6 3. c4 g6 4. Bg2 Bg7 5. 0-0 e5 6. Nc3 Nge7 7. d3 0-0 8. Rb1 d6 9. a3 a5 10. Ne1 Rb8 11. Nc2 Be6 12. b4 b6 13. Bd2 Qd7 14. Nd5 Nd4 15. Nxe7+ Qxe7 16. Nxd4 exd4 17. bxa5 bxa5 18. Bxa5 Qa7 19. Bd2 Qxa3 20. Ra1 Qb2 21. Ra6 Rb6 22. Bc1 Qb1 23. Ra3 Rfb8 24. Bf4 Qb2 25. Bc1 Qb1 26. Bf4 Qb2 27. Bc1 1/2-1/2

[Event "BCF-chT4S 1718 (4NCL)"]
[Site "England"]
[Date "2017.11.11"]
[Round "1.91"]
[White "Heard, Andrew"]
[Black "Gregory, Keith D"]
[Result "1/2-1/2"]
[WhiteElo "1887"]
[BlackElo "1979"]
[PlyCount "84"]
[EventDate "2017.11.11"]
[EventType "team-swiss"]
[EventRounds "11"]
[EventCountry "ENG"]
[SourceTitle "EXT 2020"]
[Source "ChessBase"]
[SourceDate "2019.10.17"]
[SourceVersion "1"]
[SourceVersionDate "2019.10.17"]
[SourceQuality "1"]
[WhiteTeam "Invicta Chess"]
[BlackTeam "Wessex II"]
[WhiteTeamCountry "ENG"]
[BlackTeamCountry "ENG"]

1. d4 d6 2. g3 e5 3. dxe5 dxe5 4. Qxd8+ Kxd8 5. Bg2 c6 6. Nf3 f6 7. Nbd2 Be6 8. 0-0 Nd7 9. e4 Kc7 10. Nb3 h5 11. Be3 Ne7 12. Nc5 Nxc5 13. Bxc5 b6 14. Be3 Ng6 15. h4 Be7 16. a4 Nf8 17. a5 Nd7 18. Kh2 Bc5 19. Bxc5 Nxc5 20. Ng1 Rhd8 21. b4 Nb7 22. axb6+ axb6 23. Bf3 Bg4 24. Kg2 Nd6 25. Bxg4 hxg4 26. f3 gxf3+ 27. Kxf3 Nc4 28. Rfd1 Rxd1 29. Rxd1 Ra2 30. c3 Rc2 31. Ne2 Nd6 32. Rc1 Ra2 33. Ng1 Kd7 34. Nh3 Ke6 35. Nf2 Nc4 36. Ng4 Rd2 37. Nf2 Ra2 38. Ng4 Nd6 39. Ne3 g6 40. g4 Rh2 41. Kg3 Re2 42. Kf3 Rh2 1/2-1/2

[Event "Wakefield 4NCL op-B 14th"]
[Site "Wokefield"]
[Date "2017.07.16"]
[Round "5"]
[White "Gibbs, Dominic V"]
[Black "Gregory, Keith D"]
[Result "1/2-1/2"]
[WhiteElo "1838"]
[BlackElo "1985"]
[PlyCount "29"]
[EventDate "2017.07.14"]
[EventType "swiss"]
[EventRounds "5"]
[EventCountry "ENG"]
[SourceTitle "EXT 2018"]
[Source "ChessBase"]
[SourceDate "2017.10.13"]
[SourceVersion "1"]
[SourceVersionDate "2017.10.13"]
[SourceQuality "1"]

1. e4 d6 2. Bc4 Nf6 3. d3 c6 4. Qe2 e5 5. Nf3 Be7 6. h3 0-0 7. 0-0 Nbd7 8. c3 h6 9. Bb3 Nh7 10. Be3 Ng5 11. Nbd2 Nxf3+ 12. Nxf3 Bf6 13. d4 Re8 14. dxe5 dxe5 15. Nh2 1/2-1/2

[Event "Wakefield 4NCL op-B 14th"]
[Site "Wokefield"]
[Date "2017.07.15"]
[Round "3"]
[White "Tart, Peter K"]
[Black "Gregory, Keith D"]
[Result "1/2-1/2"]
[WhiteElo "1914"]
[BlackElo "1985"]
[PlyCount "42"]
[EventDate "2017.07.14"]
[EventType "swiss"]
[EventRounds "5"]
[EventCountry "ENG"]
[SourceTitle "EXT 2018"]
[Source "ChessBase"]
[SourceDate "2017.10.13"]
[SourceVersion "1"]
[SourceVersionDate "2017.10.13"]
[SourceQuality "1"]

1. e4 d6 2. d4 Nf6 3. Nc3 Nbd7 4. Nf3 e5 5. Bc4 h6 6. 0-0 Be7 7. dxe5 dxe5 8. Qe2 c6 9. Rd1 Qc7 10. h3 Nc5 11. b4 Ne6 12. a3 Nh5 13. Be3 Nhf4 14. Qd2 g5 15. Nd5 cxd5 16. Bb5+ Kf8 17. exd5 Bf6 18. dxe6 Bxe6 19. Qd6+ Qxd6 20. Rxd6 Kg7 21. Rad1 Rhc8 1/2-1/2

[Event "Torquay op 50th"]
[Site "Torquay"]
[Date "2016.11.12"]
[Round "2"]
[White "McDougall, William M"]
[Black "Gregory, Keith D"]
[Result "1-0"]
[WhiteElo "2042"]
[BlackElo "1995"]
[PlyCount "67"]
[EventDate "2016.11.10"]
[EventType "swiss"]
[EventRounds "5"]
[EventCountry "ENG"]
[SourceTitle "EXT 2022"]
[Source "ChessBase"]
[SourceDate "2021.10.06"]
[SourceVersion "1"]
[SourceVersionDate "2021.10.06"]
[SourceQuality "1"]

1. d4 d6 2. Nf3 Nf6 3. c4 Nbd7 4. g3 e5 5. Nc3 c6 6. e4 Qc7 7. Bg2 Be7 8. 0-0 0-0 9. b3 a6 10. Bb2 b6 11. Qd2 Re8 12. c5 bxc5 13. dxe5 dxe5 14. Rfe1 Rb8 15. Bf1 Bf8 16. Na4 Qa7 17. Bc4 h6 18. Rac1 a5 19. Bc3 Ra8 20. Qb2 Qb8 21. Qe2 Qa7 22. Nh4 Ba6 23. Nf5 Bxc4 24. Qxc4 Qa6 25. Bb2 Reb8 26. Ba3 Qb5 27. f3 Nb6 28. Qxb5 cxb5 29. Nxb6 Rxb6 30. Bxc5 Re6 31. Bxf8 Kxf8 32. Red1 Rb8 33. Rc7 Ne8 34. Ra7 1-0

[Event "BCF-chT3Sc 1516 (4NCL)"]
[Site "England"]
[Date "2016.05.01"]
[Round "10.60"]
[White "Gregory, Keith D"]
[Black "Taylor, William J"]
[Result "1-0"]
[WhiteElo "2008"]
[BlackElo "1966"]
[PlyCount "79"]
[EventDate "2016.03.20"]
[EventType "team-swiss"]
[EventRounds "11"]
[EventCountry "ENG"]
[SourceTitle "EXT 2017"]
[Source "ChessBase"]
[SourceDate "2016.10.25"]
[SourceVersion "1"]
[SourceVersionDate "2016.10.25"]
[SourceQuality "1"]
[WhiteTeam "Wessex"]
[BlackTeam "West is Best"]
[WhiteTeamCountry "ENG"]
[BlackTeamCountry "ENG"]

1. Nf3 Nf6 2. c4 g6 3. b3 Bg7 4. Bb2 0-0 5. g3 d6 6. Bg2 e5 7. 0-0 c5 8. d3 Nc6 9. Nbd2 h6 10. Ne1 Be6 11. Nc2 Qd7 12. a3 Bh3 13. b4 b6 14. e4 Nh5 15. b5 Ne7 16. a4 Bxg2 17. Kxg2 f5 18. Ne3 f4 19. Qg4 Qe8 20. Qe6+ Qf7 21. Qxf7+ Rxf7 22. Nd5 Nxd5 23. cxd5 Bf8 24. Nc4 Rb7 25. Rfb1 a5 26. bxa6 Rxa6 27. Bc3 g5 28. Ba5 Nf6 29. Rxb6 Rba7 30. Rxa6 Rxa6 31. Rb1 Ra7 32. Bd8 Nd7 33. a5 Kf7 34. Bb6 Ra6 35. Bc7 Be7 36. Rb7 fxg3 37. hxg3 h5 38. Bxd6 Bxd6 39. Rxd7+ Be7 40. d6 1-0

[Event "BCF-chT3Sc 1516 (4NCL)"]
[Site "England"]
[Date "2016.03.20"]
[Round "8.79"]
[White "Paul, Nathanael"]
[Black "Gregory, Keith D"]
[Result "1/2-1/2"]
[WhiteElo "2027"]
[BlackElo "2008"]
[PlyCount "62"]
[EventDate "2016.03.20"]
[EventType "team-swiss"]
[EventRounds "11"]
[EventCountry "ENG"]
[SourceTitle "EXT 2017"]
[Source "ChessBase"]
[SourceDate "2016.10.25"]
[SourceVersion "1"]
[SourceVersionDate "2016.10.25"]
[SourceQuality "1"]
[WhiteTeam "Shropshire"]
[BlackTeam "Wessex"]
[WhiteTeamCountry "ENG"]
[BlackTeamCountry "ENG"]

1. e4 d6 2. d4 Nf6 3. Nc3 Nbd7 4. Nf3 e5 5. Bc4 h6 6. 0-0 c6 7. a4 Qc7 8. Qe2 Be7 9. b3 0-0 10. h3 Re8 11. dxe5 dxe5 12. Rd1 Nf8 13. Be3 Ng6 14. Rd3 Nh5 15. g3 Nf6 16. Kg2 Nd7 17. Rad1 Nc5 18. Bxc5 Bxc5 19. Qd2 a6 20. Kh2 Be7 21. Re3 Nf8 22. Nb1 b5 23. axb5 axb5 24. Bf1 Bc5 25. Rd3 Ba6 26. b4 Be7 27. Qc3 Rac8 28. Qd2 c5 29. bxc5 b4 30. Rd5 Bxf1 31. Rxf1 Bxc5 1/2-1/2

[Event "BCF-chT3Sb 1516 (4NCL)"]
[Site "England"]
[Date "2016.02.13"]
[Round "5.100"]
[White "Gregory, Keith D"]
[Black "Durrant, Paul EO"]
[Result "1-0"]
[WhiteElo "2008"]
[BlackElo "1570"]
[PlyCount "71"]
[EventDate "2015.11.14"]
[EventType "team-swiss"]
[EventRounds "7"]
[EventCountry "ENG"]
[SourceTitle "EXT 2017"]
[Source "ChessBase"]
[SourceDate "2016.10.25"]
[SourceVersion "1"]
[SourceVersionDate "2016.10.25"]
[SourceQuality "1"]
[WhiteTeam "Wessex"]
[BlackTeam "Surbiton"]
[WhiteTeamCountry "ENG"]
[BlackTeamCountry "ENG"]

1. Nf3 c5 2. c4 Nc6 3. g3 g6 4. Bg2 Bg7 5. 0-0 Nf6 6. Nc3 0-0 7. d3 d6 8. a3 Bd7 9. Rb1 Qc8 10. b4 cxb4 11. axb4 Bh3 12. b5 Bxg2 13. Kxg2 Nd8 14. Bb2 Re8 15. e4 Nd7 16. Qe2 e5 17. Ra1 Ne6 18. Ra3 Nb6 19. Rfa1 Qb8 20. Bc1 Nc5 21. Be3 Nbd7 22. Nd5 b6 23. Bg5 f6 24. Be3 f5 25. Qc2 fxe4 26. dxe4 Nf6 27. Bxc5 dxc5 28. Nd2 Qb7 29. f3 Nxd5 30. cxd5 Re7 31. Nc4 Kh8 32. Ra6 Rb8 33. Qa4 Ra8 34. Rxb6 Qd7 35. Ra6 Bh6 36. b6 1-0

[Event "Birmingham 4NCL op-A 7th"]
[Site "Birmingham"]
[Date "2016.01.31"]
[Round "5"]
[White "Gregory, Keith D"]
[Black "Jayawarna, Nugith"]
[Result "0-1"]
[WhiteElo "2008"]
[BlackElo "1962"]
[PlyCount "64"]
[EventDate "2016.01.29"]
[EventType "swiss"]
[EventRounds "5"]
[EventCountry "ENG"]
[SourceTitle "CBM 170 Extra"]
[Source "ChessBase"]
[SourceDate "2016.02.25"]
[SourceVersion "1"]
[SourceVersionDate "2016.02.25"]
[SourceQuality "1"]

1. Nf3 c5 2. c4 g6 3. g3 Bg7 4. Bg2 Nc6 5. 0-0 e5 6. Nc3 Nge7 7. d3 d6 8. Rb1 0-0 9. a3 a5 10. Ne1 Be6 11. Nd5 Rb8 12. Bg5 f6 13. Bd2 b5 14. e4 b4 15. axb4 axb4 16. b3 Ra8 17. Nc2 Bd7 18. Ra1 Nxd5 19. cxd5 Rxa1 20. Qxa1 Na5 21. Qb2 Bb5 22. Ne1 Qb6 23. Qc2 Qa6 24. f3 Ra8 25. Rf2 Nb7 26. Bf1 Qa2 27. Qd1 Qa1 28. Be2 Qd4 29. Kg2 Ra2 30. Qc1 Na5 31. Bd1 Qb2 32. Qc2 Qa1 0-1

[Event "Birmingham 4NCL op-A 7th"]
[Site "Birmingham"]
[Date "2016.01.31"]
[Round "4"]
[White "Rice, Christopher"]
[Black "Gregory, Keith D"]
[Result "1-0"]
[WhiteElo "1999"]
[BlackElo "2008"]
[PlyCount "61"]
[EventDate "2016.01.29"]
[EventType "swiss"]
[EventRounds "5"]
[EventCountry "ENG"]
[SourceTitle "CBM 170 Extra"]
[Source "ChessBase"]
[SourceDate "2016.02.25"]
[SourceVersion "1"]
[SourceVersionDate "2016.02.25"]
[SourceQuality "1"]

1. c4 d6 2. g3 e5 3. Bg2 Nf6 4. Nc3 Be7 5. Nf3 0-0 6. 0-0 Nbd7 7. d4 c6 8. Qc2 Qc7 9. h3 Re8 10. e4 a6 11. a4 b6 12. Be3 Bb7 13. Rac1 Rac8 14. Qb1 Bf8 15. d5 Qb8 16. b4 Qa8 17. Nd2 Rc7 18. Rc2 Rec8 19. Rfc1 Be7 20. Qb3 a5 21. b5 cxd5 22. Nxd5 Nxd5 23. cxd5 Rxc2 24. Rxc2 Rxc2 25. Qxc2 Qd8 26. h4 Kf8 27. Bh3 Nc5 28. Bxc5 dxc5 29. Nc4 f6 30. Qe2 Bd6 31. Qh5 1-0

[Event "Birmingham 4NCL op-A 7th"]
[Site "Birmingham"]
[Date "2016.01.30"]
[Round "3"]
[White "Gregory, Keith D"]
[Black "Kalavannan, Koby"]
[Result "0-1"]
[WhiteElo "2008"]
[BlackElo "2144"]
[PlyCount "80"]
[EventDate "2016.01.29"]
[EventType "swiss"]
[EventRounds "5"]
[EventCountry "ENG"]
[SourceTitle "CBM 170 Extra"]
[Source "ChessBase"]
[SourceDate "2016.02.25"]
[SourceVersion "1"]
[SourceVersionDate "2016.02.25"]
[SourceQuality "1"]

1. Nf3 Nf6 2. c4 g6 3. b3 Bg7 4. Bb2 0-0 5. g3 d6 6. Bg2 e5 7. 0-0 Nc6 8. d3 Nh5 9. Nc3 f5 10. Ne1 Nd4 11. Nc2 Ne6 12. Rb1 f4 13. Ne4 Nf6 14. e3 Nxe4 15. dxe4 g5 16. f3 h5 17. Rf2 Qf6 18. Qe2 Qg6 19. Rbf1 Bh6 20. Kh1 Rf7 21. gxf4 exf4 22. Nd4 fxe3 23. Qxe3 Nf4 24. Rd1 g4 25. Nf5 Bxf5 26. exf5 Rxf5 27. Qc3 g3 28. hxg3 Nxg2 29. Rxg2 Re8 30. g4 hxg4 31. Rdg1 Rh5+ 32. Rh2 Rxh2+ 33. Kxh2 g3+ 34. Kh3 Bf4 35. Qh8+ Kf7 36. Qh4 Qf5+ 37. Qg4 Qh7+ 38. Qh4 Qxh4+ 39. Kxh4 Re2 40. Kg4 Be3 0-1

[Event "BCF-chT3Sb 1516 (4NCL)"]
[Site "England"]
[Date "2015.11.15"]
[Round "2.99"]
[White "Gregory, Keith D"]
[Black "Majer, Christopher"]
[Result "1/2-1/2"]
[WhiteElo "2014"]
[BlackElo "1933"]
[PlyCount "42"]
[EventDate "2015.11.14"]
[EventType "team-swiss"]
[EventRounds "7"]
[EventCountry "ENG"]
[SourceTitle "CBM 169 Extra"]
[Source "ChessBase"]
[SourceDate "2015.12.18"]
[SourceVersion "1"]
[SourceVersionDate "2015.12.18"]
[SourceQuality "1"]

1. Nf3 b5 2. g3 Bb7 3. Bg2 Nf6 4. 0-0 e6 5. d4 c5 6. c3 Be7 7. Nbd2 0-0 8. Re1 d5 9. Ne5 Nbd7 10. Nxd7 Nxd7 11. Nf3 Qb6 12. h4 a5 13. Bg5 Nf6 14. Ne5 Qd8 15. Nd3 c4 16. Ne5 h6 17. Bc1 Qb6 18. e3 Rfd8 19. Nf3 Ne4 20. Nd2 Nxd2 21. Bxd2 Rdb8 1/2-1/2

[Event "Birmingham 4NCL op-A 3rd"]
[Site "Birmingham"]
[Date "2015.07.19"]
[Round "5"]
[White "Gregory, Keith D"]
[Black "Anilkumar, Anantha PP"]
[Result "1-0"]
[WhiteElo "2011"]
[BlackElo "1838"]
[PlyCount "47"]
[EventDate "2015.07.17"]
[EventType "swiss"]
[EventRounds "5"]
[EventCountry "ENG"]
[SourceTitle "CBM 167 Extra"]
[Source "ChessBase"]
[SourceDate "2015.09.14"]
[SourceVersion "1"]
[SourceVersionDate "2015.09.14"]
[SourceQuality "1"]

1. Nf3 Nf6 2. c4 g6 3. b3 Bg7 4. Bb2 0-0 5. g3 d5 6. Bg2 c6 7. 0-0 Nbd7 8. d4 Ne4 9. cxd5 cxd5 10. Ne1 f5 11. Nd3 Nb6 12. e3 Bd7 13. a4 a5 14. Ra2 Bc6 15. Qe2 Re8 16. Rc1 Nd7 17. f3 Nd6 18. Ne5 Qb6 19. Nd2 Rac8 20. Bf1 Rf8 21. Rxc6 Rxc6 22. Nxd7 Qb4 23. Ba3 Qc3 24. Nxf8 1-0

[Event "Birmingham 4NCL op-A 3rd"]
[Site "Birmingham"]
[Date "2015.07.17"]
[Round "1"]
[White "Jackson, James P"]
[Black "Gregory, Keith D"]
[Result "1-0"]
[WhiteElo "2343"]
[BlackElo "2011"]
[PlyCount "67"]
[EventDate "2015.07.17"]
[EventType "swiss"]
[EventRounds "5"]
[EventCountry "ENG"]
[SourceTitle "CBM 167 Extra"]
[Source "ChessBase"]
[SourceDate "2015.09.14"]
[SourceVersion "1"]
[SourceVersionDate "2015.09.14"]
[SourceQuality "1"]

1. e4 d6 2. d4 Nf6 3. Nc3 Nbd7 4. Nf3 e5 5. Bc4 h6 6. 0-0 Be7 7. a4 c6 8. h3 Qc7 9. Qe2 g5 10. dxe5 dxe5 11. Nh2 Nf8 12. Rd1 Ng6 13. Nf1 Nf4 14. Qe1 g4 15. Bxf4 exf4 16. e5 Nh5 17. hxg4 Bxg4 18. Rd6 Ng7 19. Ne4 Kf8 20. Nf6 Bf5 21. Rad1 Ne8 22. Rd7 Qb6 23. g4 Bg6 24. Rxe7 Kxe7 25. Rd7+ Kf8 26. Rxf7+ Bxf7 27. Nd7+ Kg7 28. Nxb6 axb6 29. e6 Bg6 30. Qe5+ Kh7 31. Qxf4 Rxa4 32. b3 Ra8 33. Ng3 Ng7 34. Ne4 1-0

[Event "BCF-chT2b 1415 (4NCL)"]
[Site "England"]
[Date "2015.03.28"]
[Round "7"]
[White "Gregory, Keith D"]
[Black "Gilfillan, Andrew"]
[Result "1/2-1/2"]
[WhiteElo "2020"]
[BlackElo "1992"]
[PlyCount "40"]
[EventDate "2014.11.15"]
[EventType "team-tourn"]
[EventRounds "7"]
[EventCountry "ENG"]
[SourceTitle "EXT 2016"]
[Source "ChessBase"]
[SourceDate "2015.10.08"]
[SourceVersion "1"]
[SourceVersionDate "2015.10.08"]
[SourceQuality "1"]
[WhiteTeam "Wessex"]
[BlackTeam "Kings Head"]
[WhiteTeamCountry "ENG"]
[BlackTeamCountry "ENG"]

1. Nf3 b5 2. g3 Bb7 3. Bg2 e6 4. 0-0 Nf6 5. d3 d5 6. c4 bxc4 7. dxc4 c6 8. b3 Nbd7 9. Bb2 Be7 10. Nbd2 0-0 11. Qc2 Qb6 12. Rac1 a5 13. e3 Ba6 14. Rfd1 h6 15. Bd4 c5 16. Ba1 Rac8 17. Nb1 Rfd8 18. Nc3 Qc6 19. Na4 Bb7 20. Bc3 Ra8 1/2-1/2

[Event "BCF-chT2b 1415 (4NCL)"]
[Site "England"]
[Date "2015.01.11"]
[Round "4.27"]
[White "Gregory, Keith D"]
[Black "Carleton, John Joseph"]
[Result "1/2-1/2"]
[WhiteElo "2020"]
[BlackElo "2251"]
[PlyCount "56"]
[EventDate "2014.11.15"]
[EventType "team-tourn"]
[EventRounds "7"]
[EventCountry "ENG"]
[SourceTitle "EXT 2016"]
[Source "ChessBase"]
[SourceDate "2015.10.08"]
[SourceVersion "1"]
[SourceVersionDate "2015.10.08"]
[SourceQuality "1"]
[WhiteTeam "Wessex"]
[BlackTeam "Spirit of Atticus"]
[WhiteTeamCountry "ENG"]
[BlackTeamCountry "ENG"]

1. Nf3 d5 2. c4 e6 3. g3 Nf6 4. Bg2 dxc4 5. Qa4+ Nbd7 6. Qxc4 a6 7. 0-0 b5 8. Qc2 Bb7 9. d3 c5 10. b3 Be7 11. Bb2 0-0 12. Nbd2 Qc7 13. Rac1 Rac8 14. Qb1 Rfd8 15. Qa1 Ne8 16. Rc2 Bf6 17. Rfc1 Bxb2 18. Qxb2 Nef6 19. a4 Qd6 20. axb5 axb5 21. d4 Ne4 22. Ne5 Nxe5 23. Bxe4 Bxe4 24. Nxe4 Qxd4 25. Qxd4 Rxd4 26. Rxc5 Rxc5 27. Rxc5 f6 28. f3 b4 1/2-1/2

[Event "BCF-chT2b 1415 (4NCL)"]
[Site "England"]
[Date "2014.11.16"]
[Round "2.30"]
[White "Hodgson, John H"]
[Black "Gregory, Keith D"]
[Result "1/2-1/2"]
[WhiteElo "2104"]
[BlackElo "2020"]
[PlyCount "85"]
[EventDate "2014.11.15"]
[EventType "team-tourn"]
[EventRounds "7"]
[EventCountry "ENG"]
[SourceTitle "CBM 163 Extra"]
[Source "ChessBase"]
[SourceDate "2014.12.23"]
[SourceVersion "1"]
[SourceVersionDate "2014.12.23"]
[SourceQuality "1"]
[WhiteTeam "Barbican Youth"]
[BlackTeam "Wessex"]
[WhiteTeamCountry "ENG"]
[BlackTeamCountry "ENG"]

1. e4 d6 2. d4 Nf6 3. Nc3 Nbd7 4. Nf3 e5 5. Bc4 h6 6. 0-0 Be7 7. Re1 c6 8. a4 Qc7 9. b3 Nf8 10. Nh4 g6 11. Nf3 Bg4 12. d5 Bc8 13. Ba3 N6d7 14. Nd2 c5 15. Bf1 a6 16. Nc4 b6 17. g3 Bf6 18. h4 Rb8 19. Bc1 Bg7 20. Bd2 Nh7 21. Ne3 Nhf6 22. Bd3 Qd8 23. Qe2 Ra8 24. Kg2 Qe7 25. Rh1 Nh5 26. Qf1 Ra7 27. Be2 Ndf6 28. Ra2 Ng8 29. Nc4 Qd8 30. a5 b5 31. Nb6 Nhf6 32. Nxc8 Qxc8 33. f3 Qb8 34. Bxb5+ axb5 35. Qxb5+ Nd7 36. Qxb8+ Nxb8 37. Nb5 Ra6 38. Nc7+ Kd7 39. Nxa6 Nxa6 40. c3 Ne7 41. b4 cxb4 42. cxb4 Rb8 43. Rb1 1/2-1/2